000 00382nam a2200157 4500
008 190329s1981||||xo d
100 1 _aBohmerová Halamová Viera
_91018
245 1 0 _aMaterské mlieko najlepšie výživa
250 _a1.vydanie
260 _bÚZV
_aBratislava
_c1981
300 _a28 s.
020 _c0
041 1 _aslo
044 _axo
_cSK
958 _aAPR
999 _c22289
_d22289